Southville International School and Colleges
Your cart is empty.
  • Cart
  • Lists
    Public lists Eva Luna New books Lux_list list_1
    Your lists Log in to create your own lists
  • Log in to your account
  • Your cookies
  • Search history
Southville International School and Colleges
  • Advanced search
  • Recent comments
  • Most popular
  • Libraries

Log in to your account

Log in with GOOGLE


If you do not have an external account, but do have a local account, you can still log in:

  1. Home
  2. MARC view: Understanding and preventing HIV risk behavior. /
Normal view MARC view ISBD view

Understanding and preventing HIV risk behavior. / (Record no. 20144)

[ view plain ]
MARC details
000 -LEADER
fixed length control field 00626nam a2200193 a 4500
005 - DATE AND TIME OF LATEST TRANSACTION
control field 20140310183211.0
008 - FIXED-LENGTH DATA ELEMENTS--GENERAL INFORMATION
fixed length control field 000525s19uu xx 00 eng d
020 ## - INTERNATIONAL STANDARD BOOK NUMBER
International Standard Book Number 0803974256
050 ## - LIBRARY OF CONGRESS CALL NUMBER
Classification number RA 644.A25
Item number .Un224 1996
245 ## - TITLE STATEMENT
Title Understanding and preventing HIV risk behavior. /
Statement of responsibility, etc edited by Stuart Oskamp and Suzanne C. Thomson.
260 ## - PUBLICATION, DISTRIBUTION, ETC. (IMPRINT)
Place of publication, distribution, etc London :
Name of publisher, distributor, etc Sage Publications,
Date of publication, distribution, etc 1996.
300 ## - PHYSICAL DESCRIPTION
Extent 285 p. :
Dimensions 23 cm.
500 ## - GENERAL NOTE
General note Includes bibliographical references and index,.
521 ## - TARGET AUDIENCE NOTE
Target audience note
650 ## - SUBJECT ADDED ENTRY--TOPICAL TERM
Topical term or geographic name as entry element AIDS (Disease)
General subdivision Prevention
-- Congresses
650 ## - SUBJECT ADDED ENTRY--TOPICAL TERM
Topical term or geographic name as entry element Health behavior
942 ## - ADDED ENTRY ELEMENTS (KOHA)
Koha item type Books
Source of classification or shelving scheme Library of Congress Classification
Call number prefix Foreign
Holdings
Withdrawn status Lost status Source of classification or shelving scheme Damaged status Home library Current library Shelving location Date acquired Cost, normal purchase price Total Checkouts Full call number Barcode Date last seen Copy number Price effective from Koha item type
    Library of Congress Classification   College Library College Library General Circulation Section 02/27/2003 1495.00   RA 644.A25 .Un224 1996 C2314 05/15/2018 1 10/10/2013 Books

Understanding and preventing HIV risk behavior. /

APA

(1996). Understanding and preventing HIV risk behavior. London: Sage Publications.

Chicago

1996. Understanding and preventing HIV risk behavior. London: Sage Publications.

Harvard

(1996). Understanding and preventing HIV risk behavior. London: Sage Publications.

MLA

Understanding and preventing HIV risk behavior. London: Sage Publications. 1996.

  • Place hold
  • Print
  • Cite
  • Add to your cart (remove)
  • Save record
    BIBTEX Dublin Core MARCXML MARC (non-Unicode/MARC-8) MARC (Unicode/UTF-8) MARC (Unicode/UTF-8, Standard) MODS (XML) RIS
  • More searches
    Search for this title in:
    Other Libraries (WorldCat) Other Databases (Google Scholar) Online Stores (Bookfinder.com) Open Library (openlibrary.org)

Exporting to Dublin Core...

SOUTHVILLE LIBRARY

Southville International School and Colleges Library

1281 Tropical Ave. Cor. Luxembourg St., BF Homes International, Las Pinas City

Tel. No. 8256374 / 252358 Loc. 117/146

Powered by Koha